| 000 | 01136nam a22002537a 4500 | ||
|---|---|---|---|
| 005 | 20170124102955.0 | ||
| 010 | _aB-082079 | ||
| 020 |
_c150.00 _a8170551536 |
||
| 035 | _aB-082079 | ||
| 037 | _bCen Lib/Ret | ||
| 040 |
_aDPL _bHN |
||
| 082 |
_a821 _bखरेवि |
||
| 100 |
_aखरे, विष्णु _952877 |
||
| 245 |
_aकाल और अवधि के दरमियान : _cविष्णु खरे _bलोठार लुत्से को उनके 75वें जन्मदिन पर / |
||
| 246 |
_aKal aur avdhi ke darmiyan : Lothar Lutse ko unke 75ve janmdin par / _bby Vishnu Khare |
||
| 260 |
_aनई दिल्ली _bवाणी प्रकाशन _c2003 |
||
| 270 |
_bनई दिल्ली _a21-ए, दरियागंज _e110002 |
||
| 300 |
_a120पृ. _c21सेमी (सजिल्द) |
||
| 650 |
_aहिन्दी -- साहित्य _952878 |
||
| 650 |
_aहिन्दी -- काव्य _9779 |
||
| 650 |
_aHindi -- literature _952879 |
||
| 650 |
_aHindi - Poetry _952880 |
||
| 942 |
_2ddc _cHN _h821 _mखरेवि |
||
| 999 |
_c113577 _d113577 |
||